00593ngm a22001457a 450000500170000000800410001704100080005808200100006624500410007630000130011750502470013065000260037765000180040365000260042120170217145758.0160921b xxu||||| |||| 00| 0 spa d aspa a8 DVD aCómo sacar provecho a los cambios. a1 CD-ROM aLos cambios pueden ser un dolor de cabeza, pero también pueden ser positivos, una oportunidad para mejorar, ampliar nuestra visión y crecer. Este programa muestra, entre otras lecciones, cual es la mejor forma de reaccionar a los cambios. aCAMBIO ORGANIZACIONAL aCALIDAD TOTAL aOPORTUNIDAD DE CAMBIO